| 000 | 01009nam a2200289 a 4500 | ||
|---|---|---|---|
| 008 | 170301t1990 uy ||||f |||| 001 0 spa d | ||
| 020 | _a9974420016 | ||
| 041 | _aspa | ||
| 092 |
_c171 _l10 _sCAS |
||
| 100 | 1 |
_aCastoriadis, Cornelius _93156 |
|
| 245 | 3 |
_aEl mundo fragmentado / _cCornelius Castoriadis |
|
| 250 |
_a1a ed. _bRevision tecnica Christian Ferrer y Carlos Torres |
||
| 260 |
_aMontevideo [URY]: _bNordan-Comunidad; _c1990. |
||
| 300 | _a187 p. | ||
| 500 | _aCastoriadis, C. (1990). El mundo fragmentado. (1a ed.). Buenos Aires : Altamira. | ||
| 590 | _aDonacion Dora Vera, febrero 2017. | ||
| 653 | 3 | _aLa epoca del conformismo generalizado | |
| 653 | _aReflexiones sobre el racismo | ||
| 653 | _a¿Camino sin salida? | ||
| 653 | 4 | _aLos intelectuales y la historia | |
| 653 | _aPoder, politica, autonomia | ||
| 653 | _aPsicoanalisis y politica | ||
| 653 | 3 | _aLa revolucion ante los teologos | |
| 653 | 4 | _a¿El fin de la filosofia? | |
| 653 | _aTiempo y creacion | ||
| 942 |
_2ddc _cBK |
||
| 999 |
_c2359 _d2359 |
||